Diary of a punk artist /

সংরক্ষণ করুন:
গ্রন্থ-পঞ্জীর বিবরন
প্রধান লেখক: Origa, Graziano (লেখক)
অন্যান্য লেখক: Cy, Marco
বিন্যাস: গ্রন্থ
ভাষা:ইতালিয়
প্রকাশিত: Milano : Iride, 1980
ট্যাগগুলো: ট্যাগ যুক্ত করুন
কোনো ট্যাগ নেই, প্রথমজন হিসাবে ট্যাগ করুন!

MARC

LEADER 00000nam a22000007i 4500
001 IT\ICCU\UBO\3027277
003 ItRI
005 20260115232306.0
008 060726s1980 it |||||| ||||| |||||c
040 |b ita  |c importazione bologna sebina 
041 7 |a ita  |2 ISO-639-2 
100 1 |a Origa, Graziano  |0 IT\ICCU\RAVV\083599  |4 aut 
245 1 0 |a Diary of a punk artist /  |c Graziano Origa ; a cura di Marco Cy. 
260 |a Milano :  |b Iride,  |c 1980 
300 |a 140 p., [8] c. di tav. :  |b ill. ;  |c 22 cm. 
700 1 |a Cy, Marco  |0 IT\ICCU\UBOV\042441 
790 1 |a Garigan, Orazio  |3 IT\ICCU\SBNV\031631  |z Origa, Graziano 
942 |2 ddc  |c BK  |n 0 
952 |0 0  |1 0  |4 0  |6 DOC_709_450000000000000_ORI  |7 0  |9 23676  |a BO  |b BO  |d 2026-01-15  |i 9154  |l 0  |o DOC 709.450 ORI  |p BO9154  |r 2026-01-15 23:23:06  |w 2026-01-15  |x [Sebina 5] [1 v.]  |y BK  |z 1 v. 
999 |c 20160  |d 20160